al-Lisān-- : āfāt al-lisān, tilāwat al-Qurʼān, al-adhkār, al-awrād /
Saved in:
| Main Author: | |
|---|---|
| Format: | Book |
| Language: | Arabic |
| Published: |
Bayrūt :
Dār al-Maḥajjah al-Bayḍāʼ,
2005.
|
| Edition: | al-Ṭabʻah 1. |
| Series: | Silsilat al-Maḥajjat al-Bayḍāʼ.
|
| Subjects: | |
| Tags: |
Add Tag
No Tags, Be the first to tag this record!
|
| LEADER | 01515aam a2200349 a 4500 | ||
|---|---|---|---|
| 001 | 009727484-4 | ||
| 005 | 20090303155828.0 | ||
| 008 | 060315s2005 le b 000 0 araoc | ||
| 035 | 0 | |a ocm64684752 | |
| 040 | |a UUM |c UUM |d OCLCG | ||
| 090 | |a BP188 |b .F39 2005 | ||
| 100 | 1 | |6 880-01 |a Fayḍ al-Kāshī, Muḥammad ibn Murtaḍá, |d 1598 or 1599-1680 or 1681. | |
| 245 | 1 | 3 | |6 880-02 |a al-Lisān-- : |b āfāt al-lisān, tilāwat al-Qurʼān, al-adhkār, al-awrād / |c al-Fayḍ al-Kāshānī. |
| 250 | |6 880-03 |a al-Ṭabʻah 1. | ||
| 260 | |6 880-04 |a Bayrūt : |b Dār al-Maḥajjah al-Bayḍāʼ, |c 2005. | ||
| 300 | |6 880-05 |a 336 p. ; |c 25 cm. | ||
| 490 | 1 | |6 880-06 |a Silsilat al-Maḥajjat al-Bayḍāʼ | |
| 504 | |a Includes bibliographical references. | ||
| 650 | 0 | |a Muslims |x Conduct of life. | |
| 650 | 0 | |a Islamic ethics. | |
| 650 | 0 | |a Islam |x Doctrines. | |
| 752 | |a Lebanon |d Beirut. | ||
| 880 | 1 | |6 100-01 |a فيض الكاشي، محمد بن مرتضى، |d 1598 or 1599-1680 or 1681. | |
| 880 | 1 | 2 | |6 245-02 |a اللان : |b آفات اللان، تلاوة القرآن، الاذكار، الاوراد / |c الفيض الكاشاني. |
| 880 | |6 250-03 |a الطبعة 1. | ||
| 880 | |6 260-04 |a بيروت : |b دار المحجة البيضاء، |c 2005. | ||
| 880 | |6 300-05 |a 336 ص. ؛ |c 25 س. | ||
| 880 | 1 | |6 490-06 |a سلسلة المحجة البيضاء | |
| 830 | 0 | |6 880-07 |a Silsilat al-Maḥajjat al-Bayḍāʼ. | |
| 880 | 0 | |6 830-07 |a سلسلة المحجة البيضاء. | |
| 988 | |a 20050803 | ||
| 906 | |0 OCLC | ||


